Analyser les textes de communication

Uloženo v:
Podrobná bibliografie
Hlavní autor: Dominique Maingueneau
Médium: Kniha
Jazyk:Undetermined
Vydáno: Paris Nathan 1998
Témata:
Tagy: Přidat tag
Žádné tagy, Buďte první, kdo otaguje tento záznam!
Thư viện lưu trữ: Trung tâm Học liệu Trường Đại học Cần Thơ
LEADER 00471nam a2200169Ia 4500
001 CTU_56429
008 210402s9999 xx 000 0 und d
082 |a 418 
082 |b M224 
100 |a Dominique Maingueneau 
245 0 |a Analyser les textes de communication 
245 0 |c Dominique Maingueneau 
260 |a Paris 
260 |b Nathan 
260 |c 1998 
650 |a linguistics,language and languages 
980 |a Trung tâm Học liệu Trường Đại học Cần Thơ